Grandes escritores / (Record no. 20662)

000 -CABECERA
fixed length control field 00824nam a22002297a 4500
003 - IDENTIFICADOR DEL NÚMERO DE CONTROL
control field AR-CdUCM
008 - DATOS DE LONGITUD FIJA--INFORMACIÓN GENERAL
fixed length control field 190517b ||||| |||| 00| 0 spa d
040 ## - FUENTE DE LA CATALOGACIÓN
Agencia/entidad que catalogó originalmente la obra MUNICIPALIDAD PROVINCIAL DEL CUSCO
Entidad que transcribió la catalogación BIBLIOTECA MUNICIPAL DEL CUSCO
082 ## - NÚMERO DE LA CLASIFICACIÓN DECIMAL DEWEY
No. de Clasificación 840 /
Notacion interna SA16
100 ## - ENTRADA PRINCIPAL--NOMBRE DE PERSONA
Nombre Personal Sainte - Beuve, M.
245 ## - MENCIÓN DE TÍTULO
Título Grandes escritores /
260 ## - PUBLICACIÓN, DISTRIBUCIÓN, ETC.
Lugar de publicación, distribución, etc. Buenos Aires :
Nombre de la editorial, distribuidor, etc. E. M. C. A.,
Fecha de publicación, distribución, etc. 1944.
300 ## - DESCRIPCIÓN FÍSICA
Nº de Páginas Extensión 533 páginas ;
Dimensiones 23 cm.
Otros detalles físicos 23 gravados,
505 ## - NOTA DE CONTENIDO CON FORMATO
Nota de contenido formateada Contenido: Rabelais -- Montaigne -- Cornelli -- Pascal -- Moliere -- La fontaine -- Boilean -- Racine -- Le sage -- Voltaire...
650 ## - PUNTO DE ACCESO ADICIONAL DE MATERIA--TÉRMINO DE MATERIA
Descriptor Escritores francesas
9 (RLIN) 43198
650 ## - PUNTO DE ACCESO ADICIONAL DE MATERIA--TÉRMINO DE MATERIA
Descriptor Literatura francesa
9 (RLIN) 913
700 ## - PUNTO DE ACCESO ADICIONAL--NOMBRE DE PERSONA
Nombre Personal Estevanez, D. N. (traducción)
9 (RLIN) 43199
942 ## - ELEMENTOS DE PUNTO DE ACCESO ADICIONAL (KOHA)
Fuente de clasificación
Tipo de item Libros-BMC
945 ## - PROCESAMIENTO DE INFORMACIÓN LOCAL (OCLC)
Catalogador Andy
AAAA-MM-DD - Fecha de ingreso o modificacion 2019-05-17
Holdings
Estado de retiro (separado) Fuente de clasificación o esquema de estanterías Estado dañado Ubicación Sala donde se ubica Nombre de la colección Fecha de adquisición o compra Costo, precio normal en soles Signatura topográfica Código de Barras Última vez visto (Koha) Tipo de ítem (Koha)
No     Sala Humanidades Sala Humanidades Book Cart 2019-06-03 30.00 840 / SA16 SH0000014957 2019-06-03 Libros-BMC

Powered by Koha